000 00331nam a22001457a 4500
008 230615b ||||| |||| 00| 0 eng d
020 _a978895030535
041 _aeng
080 _a28
082 _a28LAW
100 _a30
101 _aHIS
245 _aSPECIAL RESEARCH METHODS FOR GERONTOLOGY
_cLAWTON .P.M
942 _2udc
_cBK
999 _c59979
_d59979